00933nam a2200217 i 4500001000300000100002500003245010600028250001200134260007800146300004000224490012900264501002300393650003400416655001400450830007500464040000800539041000700547080002200554008004100576856009800617bg1 aChmielnicki, Witold.10aRegulacja automatyczna urządzeń ciepłowniczych :bczęść teoretyczna /cWitold Chmielnicki. aWyd. 3. aWarszawa :bFundacja Rozwoju Ciepłownictwa "Unia Ciepłownictwa",c1997. a70, [2] s. :brys., wykr. ;c30 cm.1 aCiepłownictwo : poradnik : eksploatacja, projektowanie, inwestycje / Fundacja Rozwoju Ciepłownictwa "Unia Ciepłownictwa". aBibliogr. s. [71]. 9aSieć cieplnaxautomatyzacja aPoradniki 0aCiepłownictwo / Fundacja Rozwoju Ciepłownictwa "Unia Ciepłownictwa" cBPK apl a697:681.5](083.1) s pl f |000 0 pol  uhttp://koha.tu.koszalin.pl/cgi-bin/koha/opac-detail.pl?biblionumber=10045yKatalog online BPK